[Event "FRA Ch T W Top12 Fiducial"]
[Site "Chalons en Champagne"]
[Date "2010.02.07"]
[Round "1"]
[White "Armas, Lara Maria"]
[Black "Eid, Maha"]
[Result "1/2-1/2"]
[WhiteElo "1900"]
[BlackElo "2050"]
[PlyCount "51"]
[EventDate "2010.??.??"]
[EventType "team-match"]
[EventCountry "FRA"]

1. d4 Nf6 2. Nf3 e6 3. e3 b6 4. Bd3 Bb7 5. Nbd2 c5 6. O-O Be7 7. b3 O-O 8. Bb2
d6 9. Ne1 Nbd7 10. f4 cxd4 11. exd4 Qc7 12. Qe2 Rfe8 13. Nef3 Bf8 14. Rae1 Rad8
15. Qf2 g6 16. a4 Bg7 17. Nc4 Nd5 18. Ba3 Nf8 19. Ng5 Nf6 20. Kh1 h6 21. Nf3
Nh5 22. Nfd2 Nf6 23. Qg3 Nh5 24. Qf2 Nf6 25. Bc1 Bc8 26. Nb1 1/2-1/2

[Event "FRA Ch T W Top12 Fiducial"]
[Site "Chalons en Champagne"]
[Date "2010.02.07"]
[Round "1"]
[White "Bonvalot, Isabelle"]
[Black "Wohlers Armas, Friederike"]
[Result "1/2-1/2"]
[WhiteElo "2000"]
[BlackElo "2030"]
[PlyCount "90"]
[EventDate "2010.??.??"]
[EventType "team-match"]
[EventCountry "FRA"]

1. e4 c5 2. c3 g6 3. d4 cxd4 4. cxd4 d5 5. e5 Bg7 6. h3 Nh6 7. Nf3 O-O 8. Bd3
Nc6 9. O-O Qb6 10. Bc2 Nf5 11. Nc3 Nfxd4 12. Nxd5 Nxf3+ 13. Qxf3 Nxe5 14. Nxe7+
Kh8 15. Qe4 Be6 16. Nd5 Qc5 17. Nc3 Bf5 18. Qe2 Bxc2 19. Qxc2 Rac8 20. Be3 Qa5
21. Qe4 Nc6 22. Qh4 Qd8 23. Qf4 Qf6 24. Qa4 Rfe8 25. Rad1 Rcd8 26. Qb5 Rxd1 27.
Rxd1 Qe7 28. Bc5 Qc7 29. Bxa7 Re5 30. Qb6 Qe7 31. Kf1 h5 32. Nd5 Qd7 33. Ne3
Qc8 34. Nc4 Rf5 35. Nd6 Qd7 36. Qb3 Nxa7 37. Nxf5 Qxf5 38. Qxb7 Nb5 39. a4 Nd4
40. Qc7 Ne6 41. Qc8+ Kh7 42. b4 Qf4 43. Qb7 Nd4 44. g3 Qf5 45. h4 Qh3+ 1/2-1/2

[Event "Master de Toussaint"]
[Site "Hyeres "]
[Date "2006.??.??"]
[Round "1"]
[White "Pinchon, Henri"]
[Black "Comte, Christophe"]
[Result "0-1"]
[WhiteElo "1935"]
[BlackElo "2095"]
[PlyCount "94"]
[EventDate "2006.??.??"]
[EventType "tourn"]
[EventCountry "FRA"]

1. e4 c5 2. Nf3 e6 3. Nc3 Nc6 4. d4 cxd4 5. Nxd4 Nf6 6. a3 d6 7. Be3 Be7 8. Be2
O-O 9. O-O e5 10. Nb3 Be6 11. f3 d5 12. exd5 Nxd5 13. Nxd5 Bxd5 14. c4 Be6 15.
Qxd8 Raxd8 16. Rfd1 b6 17. Rac1 f5 18. Rxd8 Rxd8 19. Kf1 Bf6 20. Ke1 f4 21. Bf2
e4 22. fxe4 Bxb2 23. Rb1 Bxa3 24. c5 Bb4+ 25. Kf1 Bxb3 26. Rxb3 bxc5 27. Bc4+
Kf8 28. Bd5 Ne7 29. Bh4 h6 30. Bxe7+ Kxe7 31. Ke2 a5 32. Rf3 Rf8 33. Kd3 Kd6
34. Kc4 a4 35. Rf2 a3 36. Re2 Ke5 37. Rf2 g5 38. h3 h5 39. Kb3 g4 40. Kc2 f3
41. hxg4 hxg4 42. gxf3 Rxf3 43. Rxf3 gxf3 44. Kd3 f2 45. Ke2 Be1 46. Kf1 Kd4
47. Ke2 c4 0-1

[Event "Master de Toussaint"]
[Site "Hyeres "]
[Date "2006.??.??"]
[Round "1"]
[White "Robert, Bastien"]
[Black "Laurent, Francois"]
[Result "1/2-1/2"]
[WhiteElo "1963"]
[BlackElo "2002"]
[PlyCount "105"]
[EventDate "2006.??.??"]
[EventType "tourn"]
[EventCountry "FRA"]

1. d4 Nf6 2. c4 g6 3. Nc3 Bg7 4. e4 d6 5. f3 O-O 6. Nge2 c5 7. d5 e6 8. Bg5
exd5 9. cxd5 a6 10. a4 Nbd7 11. Qd2 Re8 12. Ng3 Rb8 13. Bh6 Bh8 14. h4 Qa5 15.
h5 b5 16. hxg6 fxg6 17. Nge2 Ne5 18. Nf4 Bd7 19. Be2 bxa4 20. g4 Nexg4 21. fxg4
Rxb2 22. Qxb2 Nxe4 23. Rc1 Bxc3+ 24. Rxc3 Qxc3+ 25. Qxc3 Nxc3 26. Kf2 Bb5 27.
Bf3 a3 28. Ne6 a2 29. Bg7 Rxe6 30. Bxc3 Re8 31. g5 Bc4 32. Bf6 Rb8 33. Re1 Bd3
34. Re7 Rb1 35. Rg7+ Kf8 36. Rxh7 a1=Q 37. Rh8+ Kf7 38. Rh7+ Ke8 39. Rh8+ Kf7
40. Rh7+ Ke8 41. Rh8+ Kd7 42. Bg4+ Kc7 43. Rc8+ Kb7 44. Bxa1 Rxa1 45. Rc6 Rf1+
46. Ke3 Bf5 47. Be2 Ra1 48. Rxd6 Ra3+ 49. Kd2 Ra2+ 50. Ke3 Ra3+ 51. Kd2 Ra2+
52. Ke3 Ra3+ 53. Kd2 1/2-1/2

[Event "Master de Toussaint"]
[Site "Hyeres "]
[Date "2006.??.??"]
[Round "1"]
[White "Schmitz, Andreas Arnold"]
[Black "Papet, Bernard"]
[Result "1-0"]
[WhiteElo "2128"]
[BlackElo "1942"]
[PlyCount "75"]
[EventDate "2006.??.??"]
[EventType "tourn"]
[EventCountry "FRA"]

1. e4 c5 2. c3 d6 3. d4 Nf6 4. dxc5 Nxe4 5. Qa4+ Nd7 6. Qxe4 Nxc5 7. Bb5+ Bd7
8. Qe2 e6 9. Nf3 Be7 10. Bxd7+ Nxd7 11. O-O O-O 12. Nbd2 d5 13. Nb3 Qc7 14. Re1
Bd6 15. Qd3 h6 16. Be3 b6 17. Rad1 Rfd8 18. g3 Rab8 19. c4 Bb4 20. Nbd2 dxc4
21. Qc2 Rbc8 22. a3 Ba5 23. Bf4 Qc6 24. Re4 b5 25. Nd4 Qb7 26. N2f3 Nc5 27. Re5
a6 28. Rxc5 Rxc5 29. b4 Bxb4 30. axb4 Rcd5 31. Qe4 Qc8 32. Rc1 g5 33. Be3 Qd7
34. Ne5 f5 35. Nxd7 fxe4 36. Nf6+ Kf7 37. Nxd5 exd5 38. Ra1 1-0

[Event "Master de Toussaint"]
[Site "Hyeres "]
[Date "2006.??.??"]
[Round "1"]
[White "Schmitz, Manuela"]
[Black "Laruelle, Joel"]
[Result "1/2-1/2"]
[WhiteElo "2064"]
[BlackElo "2139"]
[PlyCount "56"]
[EventDate "2006.??.??"]
[EventType "tourn"]
[EventCountry "FRA"]

1. d4 Nf6 2. c4 e6 3. Nf3 Bb4+ 4. Nbd2 b6 5. e3 a5 6. Bd3 O-O 7. O-O d5 8. Qc2
Bb7 9. Ne5 Nbd7 10. Ndf3 dxc4 11. Bxc4 Bd6 12. Bd3 c5 13. Rd1 Rc8 14. Ng5 g6
15. Qe2 Qe7 16. Nxd7 Nxd7 17. Nf3 e5 18. dxe5 Nxe5 19. Nxe5 Bxe5 20. e4 Rfd8
21. Be3 Qf6 22. Rab1 c4 23. Bxc4 Bxe4 24. Bd3 Bb7 25. b3 Qh4 26. h3 Bc7 27. Ba6
Qe4 28. Bxb7 Qxb7 1/2-1/2

[Event "Master de Toussaint"]
[Site "Hyeres "]
[Date "2006.10.30"]
[Round "1"]
[White "Touvron, Fabrice"]
[Black "Mirabel, Marcel"]
[Result "1/2-1/2"]
[WhiteElo "1995"]
[BlackElo "2020"]
[PlyCount "87"]
[EventDate "2006.??.??"]
[EventType "tourn"]
[EventCountry "FRA"]

1. c4 Nf6 2. Nc3 e6 3. e4 d6 4. g3 c5 5. Bg2 Nc6 6. Nge2 Be7 7. O-O O-O 8. d4
cxd4 9. Nxd4 Bd7 10. b3 a6 11. h3 Rb8 12. Be3 Qc8 13. Kh2 Nxd4 14. Qxd4 b5 15.
cxb5 axb5 16. Rfc1 Qa6 17. Bf1 Qa8 18. b4 Rfc8 19. f4 Rxc3 20. Rxc3 Nxe4 21.
Rc7 Bf6 22. Qd1 Bxa1 23. Qxa1 Rc8 24. Rxc8+ Qxc8 25. Bd3 d5 26. Bxe4 dxe4 27.
Qc1 Qxc1 28. Bxc1 Kf8 29. Kg2 Ke7 30. Kf2 Kd6 31. Ke3 Kd5 32. Bb2 g6 33. h4 f5
34. Bc1 Kc4 35. Bd2 Kd5 36. Be1 e5 37. Bc3 exf4+ 38. gxf4 Be6 39. Be1 Kc6 40.
Kd4 Bxa2 41. Bd2 Kd6 42. Be3 Bc4 43. Bd2 Ke6 44. Be3 1/2-1/2

[Event "Master de Toussaint"]
[Site "Hyeres "]
[Date "2006.??.??"]
[Round "2"]
[White "Comte, Christophe"]
[Black "Laurent, Francois"]
[Result "1-0"]
[WhiteElo "2095"]
[BlackElo "2002"]
[PlyCount "68"]
[EventDate "2006.??.??"]
[EventType "tourn"]
[EventCountry "FRA"]

1. e4 c5 2. Nf3 Nc6 3. Bb5 g6 4. O-O Nf6 5. Re1 Bg7 6. Nc3 d6 7. e5 dxe5 8.
Bxc6+ bxc6 9. Nxe5 O-O 10. Nxc6 Qd6 11. Nxe7+ Kh8 12. Nxc8 Raxc8 13. d3 h5 14.
Qf3 Ng4 15. Bf4 Qb6 16. Rab1 Rfe8 17. Ne4 f5 18. Nd6 Rxe1+ 19. Rxe1 Rf8 20. Nc4
Qa6 21. h3 Nf6 22. a3 Qc8 23. Bd6 Re8 24. Rxe8+ Nxe8 25. Be5 Qd7 26. Qe3 Qc6
27. Bxg7+ Nxg7 28. Qe5 Kh7 29. Nd6 Qb6 30. Nf7 Qb7 31. Ng5+ Kh6 32. h4 Qb6 33.
b3 c4 34. dxc4 Qd8 1-0

[Event "Master de Toussaint"]
[Site "Hyeres "]
[Date "2006.??.??"]
[Round "2"]
[White "Laruelle, Joel"]
[Black "Bastien, Robert"]
[Result "1-0"]
[WhiteElo "2139"]
[BlackElo "1963"]
[PlyCount "65"]
[EventDate "2006.??.??"]
[EventType "tourn"]
[EventCountry "FRA"]

1. e4 c5 2. Nf3 Nc6 3. Nc3 g6 4. Bb5 Nd4 5. O-O Nxb5 6. Nxb5 a6 7. Nc3 d6 8.
Re1 e5 9. d3 Ne7 10. Bg5 h6 11. Bf6 Rg8 12. Nd5 Be6 13. Nd2 Bxd5 14. exd5 Bg7
15. Ne4 Kf8 16. Qd2 g5 17. Bxe7+ Qxe7 18. g4 Qd7 19. Qe2 Rd8 20. Ng3 Rh8 21.
Qe4 f6 22. Re3 Rg8 23. Rf3 Bh8 24. Nh5 Qf7 25. c4 Ke7 26. Qf5 Rgf8 27. a3 b5
28. b4 Rc8 29. Qe4 Kd8 30. cxb5 axb5 31. Ng3 Kd7 32. Rc1 cxb4 33. Qf5+ 1-0

[Event "Master de Toussaint"]
[Site "Hyeres "]
[Date "2006.??.??"]
[Round "2"]
[White "Mirabel, Marcel"]
[Black "Schmitz, Andreas Arnold"]
[Result "1/2-1/2"]
[WhiteElo "2020"]
[BlackElo "2128"]
[PlyCount "49"]
[EventDate "2006.??.??"]
[EventType "tourn"]
[EventCountry "FRA"]

1. e4 e6 2. d4 d5 3. e5 c5 4. c3 Nc6 5. Nf3 Bd7 6. Bd3 Rc8 7. O-O cxd4 8. cxd4
Nb4 9. Nc3 Nxd3 10. Qxd3 a6 11. Bg5 Be7 12. Bxe7 Nxe7 13. Rfc1 O-O 14. Rc2 Nc6
15. a3 Na7 16. Rac1 h6 17. h3 Qe7 18. b4 Rc6 19. Nb1 Rxc2 20. Rxc2 Bb5 21. Qe3
Rc8 22. Rc5 b6 23. Rxc8+ Nxc8 24. Nfd2 Qc7 25. Qc3 1/2-1/2

[Event "Master de Toussaint"]
[Site "Hyeres "]
[Date "2006.??.??"]
[Round "2"]
[White "Papet, Bernard"]
[Black "Schmitz, Manuela"]
[Result "0-1"]
[WhiteElo "1942"]
[BlackElo "2064"]
[PlyCount "88"]
[EventDate "2006.??.??"]
[EventType "tourn"]
[EventCountry "FRA"]

1. Nc3 d5 2. e4 e6 3. a3 c5 4. Nf3 Nf6 5. e5 Ne4 6. d3 Nxc3 7. bxc3 Be7 8. g3
O-O 9. Bg2 f6 10. O-O Nc6 11. d4 fxe5 12. Nxe5 Nxe5 13. dxe5 Qc7 14. f4 Bd7 15.
Qg4 Qa5 16. Bxd5 Qxc3 17. Bxe6+ Kh8 18. Rb1 Bc6 19. Qe2 c4 20. Be3 b5 21. Bg4
Rad8 22. Bf3 Bxf3 23. Rxf3 a6 24. Kf1 Qa5 25. Qf2 Rd5 26. Bb6 Qd2 27. Qe2 Rb8
28. Bc7 Rc8 29. Bb6 Rb8 30. Be3 Qxe2+ 31. Kxe2 Rbd8 32. Bc1 Rd1 33. Rf1 Rxf1
34. Kxf1 Rd1+ 35. Ke2 Rh1 36. Ra1 Rxh2+ 37. Kf3 Rxc2 38. Ke4 Rc3 39. a4 Kg8 40.
e6 Rxg3 41. a5 Rg1 42. f5 Bg5 43. Bb2 Rxa1 44. Bxa1 Bf6 0-1

[Event "Master de Toussaint"]
[Site "Hyeres "]
[Date "2006.10.31"]
[Round "2"]
[White "Pinchon, Henri"]
[Black "Touvron, Fabrice"]
[Result "1-0"]
[WhiteElo "1935"]
[BlackElo "1995"]
[PlyCount "103"]
[EventDate "2006.??.??"]
[EventType "tourn"]
[EventCountry "FRA"]

1. e4 e5 2. Nf3 Nc6 3. Bb5 a6 4. Bxc6 dxc6 5. h3 c5 6. d3 Bd6 7. Nc3 Ne7 8. Be3
Bd7 9. Ne2 c6 10. Ng3 h5 11. Nh4 Qb6 12. Rb1 Qa5+ 13. Bd2 Qxa2 14. b3 c4 15.
bxc4 O-O-O 16. O-O g6 17. Bc3 Qa3 18. Qd2 Be6 19. Rb3 Qc5 20. Rfb1 Rd7 21. Rb6
Bxc4 22. dxc4 Bc7 23. Qe3 Qxe3 24. fxe3 Bxb6 25. Rxb6 Rd1+ 26. Kf2 f6 27. Rb2
c5 28. Rb6 Rc1 29. Rxf6 Rxc2+ 30. Ne2 g5 31. Nf3 Nc6 32. Ne1 Ra2 33. Nd3 Na5
34. Nxe5 Nb3 35. Ke1 g4 36. Ng6 Rd8 37. Ne7+ Kd7 38. Nd5 gxh3 39. gxh3 Rg8 40.
Rf7+ Ke8 41. Rxb7 Rg2 42. Ndf4 Nc1 43. Nxg2 Nxe2 44. Bd2 Ng1 45. Nh4 Ra1+ 46.
Kf2 Nxh3+ 47. Kg3 Ng5 48. Kf4 Nf7 49. e5 Rf1+ 50. Ke4 Rh1 51. Ng6 h4 52. Re7+
1-0

[Event "Master de Toussaint"]
[Site "Hyeres "]
[Date "2006.??.??"]
[Round "3"]
[White "Laurent, Francois"]
[Black "Laruelle, Joel"]
[Result "1/2-1/2"]
[WhiteElo "2002"]
[BlackElo "2139"]
[PlyCount "107"]
[EventDate "2006.??.??"]
[EventType "tourn"]
[EventCountry "FRA"]

1. Nf3 Nf6 2. c4 g6 3. Nc3 c5 4. d4 cxd4 5. Nxd4 Bg7 6. g3 O-O 7. Bg2 Nc6 8.
O-O Nxd4 9. Qxd4 d6 10. Qd3 Qb6 11. a3 Be6 12. Be3 Qa6 13. Nb5 Rfc8 14. b3 Bf5
15. Qd2 Ne4 16. Bxe4 Bxe4 17. Nc3 Bc6 18. Bd4 e5 19. Be3 Rd8 20. Nd5 Bxd5 21.
Qxd5 Qc6 22. Rfd1 Bf8 23. a4 Rdc8 24. Rd2 Qxd5 25. Rxd5 a6 26. a5 Rc6 27. Rad1
Rac8 28. Bb6 Re8 29. e4 Kg7 30. Be3 Kf6 31. Kg2 Ke6 32. h4 Be7 33. h5 gxh5 34.
Rh1 h4 35. gxh4 Bd8 36. f4 f5 37. Kf3 fxe4+ 38. Kxe4 exf4 39. Bxf4 Kd7+ 40. Kf3
Re6 41. Bg5 Bc7 42. Rhd1 Ke8 43. Bf4 Kf7 44. h5 Rf6 45. Kg4 b6 46. axb6 Rxb6
47. R1d3 Ke6 48. Re3+ Kd7 49. Bg5 Re6 50. Red3 Kc6 51. Bf4 Rf6 52. Bg5 Re6 53.
Bf4 Rf6 54. Bg5 1/2-1/2

[Event "Master de Toussaint"]
[Site "Hyeres "]
[Date "2006.??.??"]
[Round "3"]
[White "Robert, Bastien"]
[Black "Papet, Bernard"]
[Result "1-0"]
[WhiteElo "1963"]
[BlackElo "1942"]
[PlyCount "85"]
[EventDate "2006.??.??"]
[EventType "tourn"]
[EventCountry "FRA"]

1. d4 d5 2. c4 dxc4 3. Nc3 e6 4. e4 c5 5. Nf3 cxd4 6. Nxd4 e5 7. Nf3 Qxd1+ 8.
Kxd1 f6 9. Bxc4 Ne7 10. Ke2 a6 11. a4 Nbc6 12. Be3 Bd7 13. Rab1 Nc8 14. Nd5 Bd6
15. b4 b5 16. axb5 axb5 17. Bxb5 Nd4+ 18. Nxd4 exd4 19. Bxd7+ Kxd7 20. Bxd4 Re8
21. f3 Ra2+ 22. Rb2 Rxb2+ 23. Bxb2 Kc6 24. h3 Ne7 25. Nxe7+ Rxe7 26. Bc3 f5 27.
Kd3 fxe4+ 28. fxe4 Kb5 29. Ra1 Bc7 30. Ra8 Rd7+ 31. Kc2 Rf7 32. Kb3 Re7 33. e5
Kc6 34. Ra7 g6 35. Kc4 Kd7 36. b5 Ke6 37. Ra6+ Kf5 38. b6 Bb8 39. Ra8 Rb7 40.
Kc5 Bxe5 41. Bxe5 Kxe5 42. Kc6 Rf7 43. b7 1-0

[Event "Master de Toussaint"]
[Site "Hyeres "]
[Date "2006.??.??"]
[Round "3"]
[White "Schmitz, Andreas Arnold"]
[Black "Pinchon, Henri"]
[Result "1/2-1/2"]
[WhiteElo "2128"]
[BlackElo "1935"]
[PlyCount "101"]
[EventDate "2006.??.??"]
[EventType "tourn"]
[EventCountry "FRA"]

1. e4 c5 2. c3 d6 3. d4 cxd4 4. cxd4 Nf6 5. Nc3 g6 6. Bc4 Bg7 7. Qa4+ Bd7 8.
Qb3 O-O 9. d5 Bc8 10. Nf3 Nbd7 11. O-O a6 12. a4 b6 13. Be3 Ng4 14. Bd4 Nge5
15. Nxe5 Bxe5 16. Bxe5 Nxe5 17. Be2 Rb8 18. f4 Nd7 19. Qd1 b5 20. axb5 axb5 21.
Bxb5 Nc5 22. Qc2 Qb6 23. Kh1 Bd7 24. Bxd7 Nxd7 25. Ra2 Rfc8 26. h3 Nf6 27. Qf2
Qb4 28. e5 Ne4 29. Nxe4 Qxe4 30. Qf3 Qc4 31. Ra7 Rb3 32. Qf2 Qxd5 33. Rxe7
Rxh3+ 34. Kg1 Rh5 35. exd6 Qxd6 36. Re5 Rxe5 37. fxe5 Qc5 38. b4 Qxf2+ 39. Kxf2
Rc2+ 40. Kg3 Rb2 41. Rf4 Kf8 42. Kf3 h5 43. g4 Rb3+ 44. Kf2 hxg4 45. Rxg4 Ke7
46. Rf4 Ke6 47. Rf6+ Kxe5 48. Rxf7 Rxb4 49. Kg3 Ke6 50. Rf1 g5 51. Rf2 1/2-1/2

[Event "Master de Toussaint"]
[Site "Hyeres "]
[Date "2006.??.??"]
[Round "3"]
[White "Schmitz, Manuela"]
[Black "Mirabel, Marcel"]
[Result "1/2-1/2"]
[WhiteElo "2064"]
[BlackElo "2020"]
[PlyCount "55"]
[EventDate "2006.??.??"]
[EventType "tourn"]
[EventCountry "FRA"]

1. d4 d5 2. c4 e6 3. Nc3 c6 4. cxd5 cxd5 5. Nf3 Nf6 6. e3 Be7 7. Bb5+ Bd7 8.
Qb3 O-O 9. Bxd7 Nbxd7 10. Qxb7 Qa5 11. Qb3 Rab8 12. Qd1 Ne4 13. O-O Nxc3 14.
bxc3 Qxc3 15. Bd2 Qa3 16. Bc1 Qa6 17. a4 Rfc8 18. a5 Nb6 19. Ne5 Nc4 20. Nxc4
Rxc4 21. Ra4 Rbb4 22. Rxb4 Bxb4 23. Bd2 Qxa5 24. Qb3 Qa3 25. Qxa3 Bxa3 26. Ra1
Rc2 27. Rxa3 Rxd2 28. g3 1/2-1/2

[Event "Master de Toussaint"]
[Site "Hyeres "]
[Date "2006.10.31"]
[Round "3"]
[White "Touvron, Fabrice"]
[Black "Comte, Christophe"]
[Result "1/2-1/2"]
[WhiteElo "1995"]
[BlackElo "2095"]
[PlyCount "41"]
[EventDate "2006.??.??"]
[EventType "tourn"]
[EventCountry "FRA"]

1. c4 Nf6 2. Nc3 e5 3. Nf3 d6 4. d4 exd4 5. Nxd4 Be7 6. e4 O-O 7. Be2 Nbd7 8.
f4 Nc5 9. Bf3 a5 10. O-O c6 11. b3 Qb6 12. Kh1 Rd8 13. Re1 Bf8 14. Be3 Qc7 15.
Rc1 Re8 16. Bf2 Ne6 17. Nxe6 Bxe6 18. f5 Bc8 19. g4 Nd7 20. Rg1 Ne5 21. g5
1/2-1/2

[Event "Master de Toussaint"]
[Site "Hyeres "]
[Date "2006.??.??"]
[Round "4"]
[White "Comte, Christophe"]
[Black "Laruelle, Joel"]
[Result "1/2-1/2"]
[WhiteElo "2095"]
[BlackElo "2139"]
[PlyCount "39"]
[EventDate "2006.??.??"]
[EventType "tourn"]
[EventCountry "FRA"]

1. e4 c5 2. Nf3 d6 3. Bb5+ Nd7 4. O-O a6 5. Bxd7+ Bxd7 6. Re1 e5 7. c3 Qc7 8.
d4 Nf6 9. Bg5 Be7 10. dxe5 dxe5 11. c4 Bc6 12. Nc3 Rd8 13. Qe2 Nd7 14. Bxe7
Kxe7 15. Rad1 f6 16. Qe3 Kf7 17. Rd2 b6 18. Red1 Rhe8 19. Nd5 Bxd5 20. cxd5
1/2-1/2

[Event "Master de Toussaint"]
[Site "Hyeres "]
[Date "2006.??.??"]
[Round "4"]
[White "Mirabel, Marcel"]
[Black "Robert, Bastien"]
[Result "0-1"]
[WhiteElo "2020"]
[BlackElo "1963"]
[PlyCount "46"]
[EventDate "2006.??.??"]
[EventType "tourn"]
[EventCountry "FRA"]

1. e4 c5 2. Nf3 Nc6 3. d4 cxd4 4. c3 dxc3 5. Nxc3 d6 6. Bc4 e6 7. O-O Be7 8.
Qe2 a6 9. Rd1 e5 10. h3 Nf6 11. Bg5 b5 12. Bxf6 Bxf6 13. Nxb5 axb5 14. Bxb5 Bb7
15. Rac1 Rc8 16. g4 O-O 17. Qd2 Nd4 18. Nxd4 exd4 19. Rxc8 Qxc8 20. g5 Be7 21.
Bf1 Bxe4 22. Qxd4 d5 23. b4 Qf5 0-1

[Event "Master de Toussaint"]
[Site "Hyeres "]
[Date "2006.??.??"]
[Round "4"]
[White "Papet, Bernard"]
[Black "Laurent, Francois"]
[Result "1-0"]
[WhiteElo "1942"]
[BlackElo "2002"]
[PlyCount "63"]
[EventDate "2006.??.??"]
[EventType "tourn"]
[EventCountry "FRA"]

1. Nc3 d5 2. e4 d4 3. Nce2 e5 4. Ng3 c5 5. Bc4 Nf6 6. Nf3 Bd6 7. d3 O-O 8. Bg5
h6 9. Bd2 Nc6 10. a3 Qe7 11. Nh4 Nxe4 12. Nxe4 Bc7 13. Ng6 Qe8 14. Nxf8 Kxf8
15. Qf3 Qe7 16. O-O f5 17. Ng3 Qf6 18. Qd5 Ne7 19. Qxc5 Bd6 20. Qb5 a6 21. Qb3
Bd7 22. Bb4 Bc6 23. Bxd6 Qxd6 24. Rac1 f4 25. Ne4 Qg6 26. Be6 f3 27. g3 Qh5 28.
Kh1 Rd8 29. Rg1 Nd5 30. Bxd5 Bxd5 31. Qb6 Bc6 32. Qxd8+ 1-0

[Event "Master de Toussaint"]
[Site "Hyeres "]
[Date "2006.??.??"]
[Round "4"]
[White "Pinchon, Henri"]
[Black "Schmitz, Manuela"]
[Result "1/2-1/2"]
[WhiteElo "1935"]
[BlackElo "2064"]
[PlyCount "78"]
[EventDate "2006.??.??"]
[EventType "tourn"]
[EventCountry "FRA"]

1. e4 e6 2. d4 d5 3. exd5 exd5 4. Bd3 Nc6 5. c3 Bd6 6. Nf3 Bg4 7. O-O Nge7 8.
Nbd2 Qd7 9. Re1 O-O-O 10. a4 Ng6 11. Qc2 Rde8 12. h3 Rxe1+ 13. Nxe1 Be6 14.
Ndf3 Qe7 15. Bf5 Kb8 16. Be3 Re8 17. a5 Bf4 18. Bxe6 Qxe6 19. Bxf4 Nxf4 20. Nd3
Qg6 21. Nde1 Nxh3+ 22. Kf1 Qh5 23. Qd2 Re4 24. Nd3 f6 25. Nc5 Re7 26. Re1 Rxe1+
27. Nxe1 Ng5 28. b4 Qe8 29. Qa2 Ne4 30. Qe2 Nd6 31. Qg4 Qe7 32. Nc2 Nc4 33. Qf5
Nd2+ 34. Kg1 Qf7 35. Qxh7 Nd8 36. Ne3 b6 37. Qh8 Kc8 38. Qh3+ Kb8 39. Qh8 Kc8
1/2-1/2

[Event "Master de Toussaint"]
[Site "Hyeres "]
[Date "2006.11.01"]
[Round "4"]
[White "Touvron, Fabrice"]
[Black "Schmitz, Andreas Arnold"]
[Result "0-1"]
[WhiteElo "1995"]
[BlackElo "2128"]
[PlyCount "80"]
[EventDate "2006.??.??"]
[EventType "tourn"]
[EventCountry "FRA"]

1. c4 e6 2. Nf3 d5 3. g3 c6 4. Bg2 Nd7 5. cxd5 exd5 6. O-O Bd6 7. b3 Ne5 8. Bb2
Nxf3+ 9. Bxf3 Nf6 10. d3 Bh3 11. Bg2 Bxg2 12. Kxg2 h5 13. Nd2 h4 14. e4 Qd7 15.
Rh1 Be7 16. h3 O-O-O 17. e5 Nh7 18. Qg4 Qe6 19. Qxe6+ fxe6 20. Nf3 Nf8 21. Nd4
Kd7 22. f4 hxg3 23. Kxg3 Ng6 24. f5 Bh4+ 25. Kh2 Nf4 26. fxe6+ Nxe6 27. Nf5 Bg5
28. Kg3 Rdf8 29. Raf1 g6 30. Nd6 Bf4+ 31. Kg2 Rh5 32. h4 b6 33. d4 g5 34. Rd1
gxh4 35. Kh3 Rg8 36. Rhg1 Rg3+ 37. Rxg3 hxg3+ 38. Kg4 Rh2 39. Bc1 g2 40. Kf3
Rh1 0-1

[Event "Master de Toussaint"]
[Site "Hyeres "]
[Date "2006.??.??"]
[Round "5"]
[White "Laruelle, Joel"]
[Black "Papet, Bernard"]
[Result "1-0"]
[WhiteElo "2139"]
[BlackElo "1942"]
[PlyCount "41"]
[EventDate "2006.??.??"]
[EventType "tourn"]
[EventCountry "FRA"]

1. e4 c5 2. Nf3 Nc6 3. Nc3 d6 4. Bc4 e6 5. d4 cxd4 6. Nxd4 Bd7 7. Ndb5 Ne5 8.
Be2 Bc6 9. f4 Ng6 10. Be3 a6 11. Nd4 N6e7 12. Qd2 g6 13. O-O d5 14. Nxe6 fxe6
15. Qd4 Nf5 16. exf5 Nf6 17. fxe6 Rg8 18. Bf3 Bg7 19. Qb6 Qd6 20. Bc5 Qxf4 21.
Bxd5 1-0

[Event "Master de Toussaint"]
[Site "Hyeres "]
[Date "2006.??.??"]
[Round "5"]
[White "Laurent, Francois"]
[Black "Mirabel, Marcel"]
[Result "1/2-1/2"]
[WhiteElo "2002"]
[BlackElo "2020"]
[PlyCount "55"]
[EventDate "2006.??.??"]
[EventType "tourn"]
[EventCountry "FRA"]

1. d4 d5 2. c4 c6 3. Nc3 e6 4. e4 Bb4 5. Bd3 dxe4 6. Bxe4 Nf6 7. Bf3 Qa5 8.
Nge2 e5 9. dxe5 Bxc3+ 10. bxc3 Qxe5 11. Bf4 Qc5 12. Qd4 Qxd4 13. cxd4 O-O 14.
Rb1 Be6 15. Rxb7 Bxc4 16. Kd2 Bxa2 17. Nc3 Bd5 18. Rhb1 Bxf3 19. gxf3 Nbd7 20.
Rc7 Nb6 21. Rxc6 Rac8 22. Rxc8 Rxc8 23. Nb5 Nfd5 24. Nd6 Rd8 25. Bg3 g6 26. Nb7
Rc8 27. Nd6 Rc6 28. Rc1 1/2-1/2

[Event "Master de Toussaint"]
[Site "Hyeres "]
[Date "2006.??.??"]
[Round "5"]
[White "Robert, Bastien"]
[Black "Pinchon, Henri"]
[Result "1-0"]
[WhiteElo "1963"]
[BlackElo "1935"]
[PlyCount "125"]
[EventDate "2006.??.??"]
[EventType "tourn"]
[EventCountry "FRA"]

1. d4 Nf6 2. c4 c5 3. d5 b5 4. cxb5 a6 5. bxa6 Bxa6 6. g3 d6 7. Bg2 Nbd7 8. Nc3
g6 9. Nf3 Bg7 10. O-O O-O 11. Re1 Re8 12. e4 Ng4 13. h3 Nge5 14. Nxe5 Nxe5 15.
Bf1 Qc8 16. Bxa6 Qxa6 17. Kg2 Nd3 18. Rf1 Reb8 19. Qc2 Qc4 20. f3 Rb7 21. Rd1
Nxc1 22. Rdxc1 Rba7 23. a3 Rb8 24. Rab1 Rb3 25. Qd2 Rab7 26. Nd1 Qb5 27. Rc2
Rxa3 28. Qe2 Qxe2+ 29. Rxe2 Rab3 30. Rc2 Bd4 31. h4 h5 32. f4 Kg7 33. Re2 Rd3
34. Nf2 Bxf2 35. Kxf2 Rbb3 36. Ra1 Rf3+ 37. Ke1 Rxg3 38. Ra7 Rg4 39. Rxe7 Rxh4
40. Rd7 Rh1+ 41. Kf2 Rh2+ 42. Ke1 Rxe2+ 43. Kxe2 Rxb2+ 44. Kf3 Rb3+ 45. Kf2 Rb6
46. e5 dxe5 47. fxe5 Kf8 48. d6 Ke8 49. Re7+ Kf8 50. Rc7 f6 51. Rc8+ Kf7 52. d7
Rb2+ 53. Ke3 Rb3+ 54. Kd2 c4 55. Rf8+ Ke6 56. d8=Q Rd3+ 57. Qxd3 cxd3 58. Rxf6+
Kxe5 59. Rxg6 Kf5 60. Rg3 h4 61. Rxd3 Kg4 62. Ke2 h3 63. Kf2 1-0

[Event "Master de Toussaint"]
[Site "Hyeres "]
[Date "2006.??.??"]
[Round "5"]
[White "Schmitz, Andreas Arnold"]
[Black "Comte, Christophe"]
[Result "1/2-1/2"]
[WhiteElo "2128"]
[BlackElo "2095"]
[PlyCount "64"]
[EventDate "2006.??.??"]
[EventType "tourn"]
[EventCountry "FRA"]

1. e4 c5 2. c3 Nf6 3. e5 Nd5 4. d4 cxd4 5. cxd4 e6 6. Nf3 b6 7. Bd2 Bb7 8. Nc3
Nxc3 9. Bxc3 Be7 10. Bd3 Nc6 11. a3 d6 12. O-O dxe5 13. dxe5 O-O 14. Qe2 Nb8
15. Rfd1 Nd7 16. Bxh7+ Kxh7 17. Qd3+ Kg8 18. Qxd7 Bd5 19. Qxd8 Rfxd8 20. Nd4
Bc5 21. Nb5 Bb3 22. Rxd8+ Rxd8 23. Nxa7 Ba4 24. b4 Bf8 25. b5 Ra8 26. Nc6 Bxb5
27. Nd4 Bd7 28. Bb2 Bc5 29. Nc2 Ba4 30. Ne1 Rd8 31. Bc3 Rc8 32. Bb2 Rd8 1/2-1/2

[Event "Master de Toussaint"]
[Site "Hyeres "]
[Date "2006.11.01"]
[Round "5"]
[White "Schmitz, Manuela"]
[Black "Touvron, Fabrice"]
[Result "1-0"]
[WhiteElo "2064"]
[BlackElo "1995"]
[PlyCount "63"]
[EventDate "2006.??.??"]
[EventType "tourn"]
[EventCountry "FRA"]

1. d4 Nf6 2. c4 c5 3. e3 e6 4. Nf3 d5 5. Nc3 Nbd7 6. cxd5 exd5 7. dxc5 Nxc5 8.
Bb5+ Bd7 9. O-O Bd6 10. b3 Bc6 11. Bxc6+ bxc6 12. Bb2 O-O 13. Rc1 Rc8 14. b4
Ne6 15. a3 Re8 16. Ne2 Ne4 17. Ned4 c5 18. Nf5 c4 19. Nxd6 Qxd6 20. Nd4 c3 21.
Nb5 Qe5 22. Ba1 a6 23. f4 Qf6 24. Qxd5 axb5 25. Qxe4 Nc5 26. Qd4 Qxd4 27. exd4
Ne4 28. Rfe1 Kf8 29. Re3 Ra8 30. Bxc3 Rxa3 31. d5 f5 32. Bxg7+ 1-0